00390nam a2200157Ia 4500001001000000003000500010008004100015010001100056040000900067082001800076100002300094245006200117260002500179300001100204650001700215Para_3736CHAP220125s1955 xx 000 0 und d a202171 cCHAP aPA 621.367 S8 aStockler, Heinrich aThe Leica in professional practice /c Heinrich Stochler aLondon :b Fountain a340 p. aFotografía